Современное состояние и проблемы мониторинга поверхностных водных объектов г. Томска; Ресурсоэффективные системы в управлении и контроле: взгляд в будущее

מידע ביבליוגרפי
Parent link:Ресурсоэффективные системы в управлении и контроле: взгляд в будущее.— 2021.— [С. 39]
מחבר ראשי: Жигулина А. В.
מחבר תאגידי: Национальный исследовательский Томский политехнический университет Инженерная школа неразрушающего контроля и безопасности Отделение контроля и диагностики
מחברים אחרים: Назаренко О. Б. Ольга Брониславовна (научный руководитель)
סיכום:Заглавие с экрана
שפה:רוסית
יצא לאור: 2021
נושאים:
גישה מקוונת:http://earchive.tpu.ru/handle/11683/69922
פורמט: MixedMaterials אלקטרוני Book Chapter
KOHA link:https://koha.lib.tpu.ru/cgi-bin/koha/opac-detail.pl?biblionumber=634106

MARC

LEADER 00000naa2a2200000 4500
001 634106
005 20231101133808.0
035 |a (RuTPU)RU\TPU\conf\35859 
035 |a RU\TPU\conf\35853 
090 |a 634106 
100 |a 20220221d2021 k y0rusy50 ca 
101 0 |a rus 
102 |a RU 
105 |a y z 101zy 
135 |a drgn ---uucaa 
181 0 |a i  
182 0 |a b 
200 1 |a Современное состояние и проблемы мониторинга поверхностных водных объектов г. Томска  |f А. В. Жигулина  |g науч. рук. О. Б. Назаренко 
203 |a Текст  |c электронный 
230 |a 1 компьютерный файл (pdf; 632 Kb) 
300 |a Заглавие с экрана 
320 |a [Библиогр.: с. 39 (3 назв.)] 
463 0 |0 (RuTPU)RU\TPU\conf\35848  |t Ресурсоэффективные системы в управлении и контроле: взгляд в будущее  |o сборник научных трудов X Международной конференции школьников, студентов, аспирантов, молодых ученых, 9-11 ноября 2021 г., г. Томск  |f Национальный исследовательский Томский политехнический университет (ТПУ)  |v [С. 39]  |d 2021 
610 1 |a электронный ресурс 
610 1 |a труды учёных ТПУ 
610 1 |a современное состояние 
610 1 |a водные объекты 
610 1 |a загрязнения 
610 1 |a вредные вещества 
610 1 |a экологический мониторинг 
700 1 |a Жигулина  |b А. В. 
702 1 |a Назаренко  |b О. Б.  |c специалист в области экологии и безопасности жизнедеятельности  |c профессор Томского политехнического университета, доктор технических наук  |f 1963-  |g Ольга Брониславовна  |2 stltpush  |4 727 
712 0 2 |a Национальный исследовательский Томский политехнический университет  |b Инженерная школа неразрушающего контроля и безопасности  |b Отделение контроля и диагностики  |h 7978  |2 stltpush  |3 (RuTPU)RU\TPU\col\23584 
801 2 |a RU  |b 63413507  |c 20220304  |g RCR 
856 4 |u http://earchive.tpu.ru/handle/11683/69922 
942 |c BK